Galileo: antología
Guardat en:
| Autor principal: | |
|---|---|
| Format: | Llibre |
| Idioma: | espanyol |
| Publicat: |
Barcelona
Península
1991
|
| Edició: | 1a. ed |
| Col·lecció: | Textos Cardinales, 16
|
| Matèries: | |
| Etiquetes: |
Afegir etiqueta
Sense etiquetes, Sigues el primer a etiquetar aquest registre!
|
MARC
| LEADER | 00000nam a2200000 a 4500 | ||
|---|---|---|---|
| 001 | UCH1112 | ||
| 003 | CL-VaPUC | ||
| 008 | 090409e19910000SP |||||||||||||||||spa|d | ||
| 020 | |a 8429732721 | ||
| 082 | 0 | 4 | |a 520.92 |b NAV |2 21 |
| 100 | |a Navarro Brotons, Víctor |e autor |9 535458 | ||
| 245 | 1 | 0 | |a Galileo: antología |
| 250 | |a 1a. ed | ||
| 300 | |a 348 p | ||
| 942 | |c BK | ||
| 945 | |d 20090409 00:00:00 |a rbrito | ||
| 260 | |a Barcelona |b Península |c 1991 | ||
| 600 | 0 | |a Galilei, Galileo |9 264973 | |
| 650 | 0 | |a Biografías |9 255210 | |
| 650 | 0 | |a Astronomía |9 260985 | |
| 650 | 0 | |a Cosmología |9 269138 | |
| 650 | 0 | |a Científicos |9 262025 | |
| 583 | |a last modification |c 20090409 00:00:00 |k Rodrigo Vera | ||
| 490 | 0 | |a Textos Cardinales, 16 | |
| 999 | |c 333189 |d 333187 | ||
| 952 | |0 0 |1 0 |4 0 |6 520_920000000000000_NAV_1991 |7 0 |8 A |9 421398 |a BIBCUR |b BIBCUR |d 2019-11-22 |i 4534506 |o 520.92 NAV 1991 |p 4534506 |r 2025-04-22 |w 2019-11-22 |y BK |k FIS | ||